Top 20 des écoles d'ingénieur en 2022 (selon L'Etudiant) - Statistiques

Statistiques générales
  • Ce quiz a été pris 318 fois
  • Le résultat moyen est 9 sur 20
Statistiques - réponses
Réponse % Correct
1 Polytechnique
97%
3 Centrale Supelec
82%
5 Ecole des mines ParisTech
64%
11 École centrale - Lyon
61%
4 Ecole des ponts ParisTech
57%
11 École centrale - Nantes
51%
9 École centrale - Lille
50%
9 INSA Lyon
50%
11 ISAE-SUPAERO - Toulouse
49%
2 Télécom Paris
47%
5 IMT Atlantique
37%
14 Arts et Métiers Sciences et Technologies
35%
8 École des mines - Nancy
35%
17 École des mines - Saint-Étienne
35%
7 Ensta Paris
31%
17 ENSAE Paris
28%
14 Grenoble INP - Ensimag
23%
17 Grenoble INP - Phelma
23%
14 UTC - Compiègne
19%
20 ENSEEIHT - INP Toulouse
9%
Aucun quiz correspondant
Distribution des résultats
% des personnes avec chaque résultat
Percentile par nombre de réponses
Votre historique - résultats
Vous n’avez pas pris ce quiz